| 000 | 00376 a2200157 4500 | ||
|---|---|---|---|
| 001 | 56763 | ||
| 020 | _a8589909107 | ||
| 040 | _cAnchieta - Pituba | ||
| 100 | _aKrzikalla, Sabine | ||
| 240 | 1 | 0 |
_aMemórias de uma comissária de bordo _lpor |
| 245 | 1 | 0 | _aMemórias de uma comissária de bordo |
| 300 | _a205 | ||
| 362 | 0 | _a2004 | |
| 650 | 4 | _aLiteratura juvenil | |
| 942 | _cBK | ||
| 999 |
_c56763 _d56763 |
||